WEALTH OF INDIA:RAW MATERILS:Pi-Z (Record no. 12070)
[ view plain ]
| 000 -LEADER | |
|---|---|
| fixed length control field | 00363nam a22001577a 4500 |
| 003 - CONTROL NUMBER IDENTIFIER | |
| control field | OSt |
| 008 - FIXED-LENGTH DATA ELEMENTS--GENERAL INFORMATION | |
| fixed length control field | 230520b |||||||| |||| 00| 0 eng d |
| 020 ## - INTERNATIONAL STANDARD BOOK NUMBER | |
| International Standard Book Number | 978-81-7236-X |
| 100 ## - MAIN ENTRY--PERSONAL NAME | |
| Personal name | CSIR |
| 245 ## - TITLE STATEMENT | |
| Title | WEALTH OF INDIA:RAW MATERILS:Pi-Z |
| 250 ## - EDITION STATEMENT | |
| Edition statement | 2009 |
| 260 ## - PUBLICATION, DISTRIBUTION, ETC. (IMPRINT) | |
| Place of publication, distribution, etc | New Delhi |
| Name of publisher, distributor, etc | NISCAIR |
| 300 ## - PHYSICAL DESCRIPTION | |
| Extent | xix,280,28 |
| 650 ## - SUBJECT ADDED ENTRY--TOPICAL TERM | |
| Topical term or geographic name as entry element | PHARMACOGNOSY |
| 942 ## - ADDED ENTRY ELEMENTS (KOHA) | |
| Source of classification or shelving scheme | Dewey Decimal Classification |
| Koha item type | Reference Books |
| Withdrawn status | Lost status | Source of classification or shelving scheme | Damaged status | Not for loan | Collection code | Home library | Current library | Date acquired | Source of acquisition | Currency | Cost, normal purchase price | Serial Enumeration / chronologySerial Enumeration / Volume No. | Bill Number | Total Checkouts | Full call number | Acc. no. / Barcode | Date last seen | Actual Cost, discounted price | Bill Date | Koha item type |
|---|---|---|---|---|---|---|---|---|---|---|---|---|---|---|---|---|---|---|---|---|
| Dewey Decimal Classification | B.Pharma | PIET C-LIBRARY | PIET C-LIBRARY | 06/05/2023 | Sangam Book Depot | RUPEES | 557.00 | 3 | IN-00023 | 598.297 COW | BP2136 | 20/05/2023 | 501.00 | 01/05/2023 | Reference Books |